00316nam a2200121Ia 4500008004100000041000800041082001200049100001700061245003800078260003900116300003200155365000700187240624s9999 xx 000 0 und d aeng a823 BAR aBARRY ROBERT aNANS ARSONIST A SIX SIGMA MYSTERY c2005aNew DelhibPearson Education axiii, : 306 : p. : cm. ; 24 cRS